Statistics for Countries I Count As Transcontinental

Click here to take the quiz!

General Stats

  • This quiz has been taken 65 times
  • The average score is 14 of 16

Answer Stats

HintAnswer% Correct
Europe-AsiaArmenia
98%
Europe-AsiaGeorgia
98%
Europe-AsiaRussia
98%
Europe-AsiaAzerbaijan
96%
Europe-AsiaTurkey
96%
Europe-AfricaSpain
95%
Africa-AsiaEgypt
91%
North America-South AmericaPanama
91%
Asia-OceaniaIndonesia
88%
Oceania-AsiaPapua New Guinea
88%
Europe-AsiaCyprus
82%
Europe-AsiaKazakhstan
82%
North America-South AmericaTrinidad And Tobago
79%
Europe-North AmericaIceland
77%
Oceania-South AmericaKiribati
68%
Asia-OceaniaTimor Leste
64%

Score Distribution

Percentile by Number Answered

Percent of People with Each Score

Your Score History

You have not taken this quiz